History Quiz

Random History Quiz

The Five Civilized Tribes Quiz Stats

 Plays Quiz not verified by Sporcle

Score 0/5 Timer 01:00
0 Plays Today
Tribe % Correct
Cherokee
91.9%
Seminole
83.7%
Creek
66.3%
Choctaw
60.5%
Chickasaw
58.1%

You're not logged in!

Compare scores with friends on all Sporcle quizzes.
OR
Log In

Show Comments

Extras

Created Oct 19, 2010SourceReportNominate
Tags:Native American

Top Quizzes Today


Score Distribution

Your Account Isn't Verified!

In order to create a playlist on Sporcle, you need to verify the email address you used during registration. Go to your Sporcle Settings to finish the process.

Report this User

Report this user for behavior that violates our Community Guidelines.

Details: